أخي المجتهد / (رقم التسجيلة. 103501)

تفاصيل مارك
000 -LEADER
fixed length control field 00601nam a22002057a 4500
005 - DATE AND TIME OF LATEST TRANSACTION
control field 20251108173424.0
008 - FIXED-LENGTH DATA ELEMENTS--GENERAL INFORMATION
fixed length control field 250721s2003 xx 000 0 ara d
020 ## - INTERNATIONAL STANDARD BOOK NUMBER
International Standard Book Number 9889702169
082 14 - DEWEY DECIMAL CLASSIFICATION NUMBER
Classification number ط/ق/أخي
245 10 - TITLE STATEMENT
Title أخي المجتهد /
264 ## - PRODUCTION, PUBLICATION, DISTRIBUTION, MANUFACTURE, AND COPYRIGHT NOTICE
Name of producer, publisher, distributor, manufacturer بيلشنج هاوس ليمتد،
Date of production, publication, distribution, manufacture, or copyright notice 2003.
300 ## - PHYSICAL DESCRIPTION
Extent 25ص
490 0# - SERIES STATEMENT
Series statement عائلة حمدان
Volume/sequential designation 123
650 17 - SUBJECT ADDED ENTRY--TOPICAL TERM
Topical term or geographic name as entry element القصص القصيرة
650 17 - SUBJECT ADDED ENTRY--TOPICAL TERM
Topical term or geographic name as entry element ادب الاطفال
653 ## - INDEX TERM--UNCONTROLLED
Uncontrolled term اطفال مرحلة متوسطة (6-9)سنة
710 2# - ADDED ENTRY--CORPORATE NAME
Corporate name or jurisdiction name as entry element مركز الساتل للترجمة
942 ## - ADDED ENTRY ELEMENTS (KOHA)
Source of classification or shelving scheme Dewey Decimal Classification
Koha item type كتب
المقتنيات
حالة السحب حالة الفقدان مصدر التصنيف حالة التلف غير قابل للإعارة المكتبة الرئيسية المكتبة الحالية موقع الرف تاريخ التزويد الرقم المتسلسل Total Checkouts رقم الإستدعاء الباركود تاريخ آخر ظهور تاريخ الفاتورة نوع المادة (كوها)
    Dewey Decimal Classification     مكتبة قتيبة للأطفال مكتبة قتيبة للأطفال الأطفال 28/07/2025 1059236   ط/ق/أخي 1059236 28/07/2025 28/07/2025 كتب
    Dewey Decimal Classification     مكتبة أم المؤمنين للأطفال مكتبة أم المؤمنين للأطفال الأطفال 28/07/2025 1059228   ط/ق/أخي 1059228 28/07/2025 28/07/2025 كتب
    Dewey Decimal Classification     مكتبة الأميرة سلمى مكتبة الأميرة سلمى الأطفال 28/07/2025 1059230   ط/ق/أخي 1059230 28/07/2025 28/07/2025 كتب
    Dewey Decimal Classification     مكتبة البيادر مكتبة البيادر الأطفال 28/07/2025 1059235   ط/ق/أخي 1059235 28/07/2025 28/07/2025 كتب
    Dewey Decimal Classification     مكتبة الياسمين للأطفال مكتبة الياسمين للأطفال الأطفال 28/07/2025 1059229   ط/ق/أخي 1059229 28/07/2025 28/07/2025 كتب
Implemented & Customized by: BBB with SCIT (Smart Chains for Information Technology)

Powered by Koha